• 首页
  • 本馆介绍
  • 公告通知
  • 最新文献
  • 馆藏检索
  • 电子资源
  • 读者导购
  • 参考咨询
  • 我的图书馆
  • 登录
  • 详细信息显示
  • 放入我的书架
  • 预约/预借图书
  • 作者相关作品
  • 分类相关作品
  • 丛书相关作品
  • 出版社相关作品

书目信息

  • 表格格式
  • 工作单格式
  • 卡片格式
题名:
多哈回合谈判的最新进展
    
 
作者: 张磊 , 王茜 主编
分册: 2011年度报告  
出版信息: 北京   法律出版社  2013
页数: 289页
开本: 21cm
丛书名: 世界贸易组织教席计划丛书
单 册:
中图分类: F743
科图分类:
主题词: 世界贸易组织 , 世界贸易组织--贸易谈判--研究报告--2011 , 贸易谈判
电子资源:
ISBN: 978-7-5118-5055-3
000 01190nam0 2200301 450
001 519
005 20140909101049.60
010    @a978-7-5118-5055-3@dCNY28.00
100    @a20130916d2013 em y0chiy50 ea
101 0  @achi
102    @aCN@b110000
105    @ay z 000yy
106    @ar
200 1  @a多哈回合谈判的最新进展@ADuo Ha Hui He Tan Pan De Zui Xin Jin Zhan@h2011年度报告@H2011 Nian Du Bao Gao@dAnnual follow-up of Doha round@h2011 report@f张磊,王茜主编@FZhang Lei, Wang Qian Zhu Bian@zeng
210    @a北京@c法律出版社@d2013
215    @a289页@d21cm
225 2  @a世界贸易组织教席计划丛书
330    @a本报告在上年度报告的基础上,以2011年4月份谈判组的报告文件为基础,重点关注农业谈判、补贴和反补贴措施、知识产权以及服务贸易等几个主要领域在本年度的谈判进展情况。
461  0 @12001 @a世界贸易组织教席计划丛书
510 1  @aAnnual follow-up of Doha round@h2011 report@zeng
606 0  @a世界贸易组织
606 0  @a世界贸易组织@x贸易谈判@x研究报告@z2011
606 0  @a贸易谈判
690    @aF743@v5
701  0 @a张磊@AZhang Lei@f(1969~)@4主编
701  0 @a王茜@AWang Qian@g(女,国际金融)@4主编
801  0 @aCN@bTANGWEI@c20140603
905    @b0838900-02@dF743@e168@f3
    
    多哈回合谈判的最新进展.2011年度报告=Annual follow-up of Doha round.2011 report/张磊,王茜主编.-北京:法律出版社,2013
    289页;21cm.-(世界贸易组织教席计划丛书)
    
    
    ISBN 978-7-5118-5055-3:CNY28.00
    本报告在上年度报告的基础上,以2011年4月份谈判组的报告文件为基础,重点关注农业谈判、补贴和反补贴措施、知识产权以及服务贸易等几个主要领域在本年度的谈判进展情况。
●
相关链接 在E读中查询图书 在五车中查询图书 在当当中查询图书 在豆瓣中查询图书


正题名:多哈回合谈判的最新进展     索取号:F743/168         预约/预借

序号 登录号 条形码 馆藏地/架位号 状态 备注
1 0838900   208389000   第一样本阅览室/ [索取号:F743/168] 在馆    
2 0838901   208389019   第一借阅区/ [索取号:F743/168] 在馆    
3 0838902   208389028   密集书库-海洋学院/ [索取号:F743/168] 在馆    
唐山师范学院图书馆 欢迎您!
大连网信软件有限公司© 版权所有